000 01149cab a2200229 4500
001 ##L133416
008 060508n2006 000 0 eng u
035 _a(Sirsi) u133416
041 0 _aeng
100 1 _aVernon, Richard
245 _aPlanning gain supplement - what are the UK's plans?
260 _c2006
490 _aRICS Website News
_v3 March 2006
520 _aSummarises the key Planning Gain Supplement proposals (PGS) and highlights a number of important matters left unanswered at the end of the PGS consultation period ((L132415). Covers how PGS will be calculated, what it will cost, when and how it will be paid, how the money be used, when it will be introduced, what its current impact is, who should take the hit and the mitigation of the impact of PGS.
650 _aPLANNING GAIN SUPPLEMENT
690 _aENVIRONMENTAL AND LAND CONSULTANCY-PLANNING AND DEVELOPMENT-PLANNING REFORM
700 1 _aCurnow, Tony
700 1 _aAllen, Patricia
710 2 _aAshurst
_94924
856 4 0 _uhttps://www.rics.org/RICSWEB/getpage.aspx?p=ArzSjpuuK06FXwlw8FLJnA
_zView the article free of charge at www.rics.org....
942 _n0
999 _c76991
_d76991